Acercamiento Epistémico a la teoría Fundamentada / (Record no. 23474)

000 -CABECERA
fixed length control field 01516nam a22003497a 4500
003 - IDENTIFICADOR DEL NÚMERO DE CONTROL
control field AR-CdUCM
008 - DATOS DE LONGITUD FIJA--INFORMACIÓN GENERAL
fixed length control field 260121b2024 pe ||||| |||| 00| 0 spa d
020 ## - NÚMERO INTERNACIONAL ESTÁNDAR DEL LIBRO
ISBN 978-612-49796-0-6
040 ## - FUENTE DE LA CATALOGACIÓN
Agencia/entidad que catalogó originalmente la obra MUNICIPALIDAD PROVINCIAL DEL CUSCO
Entidad que transcribió la catalogación BIBLIOTECA MUNICIPAL DEL CUSCO
082 ## - NÚMERO DE LA CLASIFICACIÓN DECIMAL DEWEY
No. de Clasificación 001.42 /
Notacion interna F36
100 ## - ENTRADA PRINCIPAL--NOMBRE DE PERSONA
Nombre Personal Quillama de Castañeda, Rudy Edith Felix.
245 ## - MENCIÓN DE TÍTULO
Título Acercamiento Epistémico a la teoría Fundamentada /
260 ## - PUBLICACIÓN, DISTRIBUCIÓN, ETC.
Lugar de publicación, distribución, etc. Cusco :
Nombre de la editorial, distribuidor, etc. Estefany Lorena Vera Muñoz
Fecha de publicación, distribución, etc. 2024.
300 ## - DESCRIPCIÓN FÍSICA
Nº de Páginas Extensión 103 páginas. :
Dimensiones 17 x 24 cm.
505 ## - NOTA DE CONTENIDO CON FORMATO
Nota de contenido formateada Contenido: Primer capítulo: Introducción a la teoría fundamentada -- Segundo capítulo: Fundamentos epistemológicos -- Tercer capítulo: Metodología -- Cuarto capítulo: Análisis de datos -- Quinto capítulo: Praxis -- Sexto capítulo: Retos y críticas -- Séptimo capítulo: Contexto latinoamericano -- Octavo capítulo: Futuro -- Referencias.
650 ## - PUNTO DE ACCESO ADICIONAL DE MATERIA--TÉRMINO DE MATERIA
Descriptor Definición
9 (RLIN) 41732
650 ## - PUNTO DE ACCESO ADICIONAL DE MATERIA--TÉRMINO DE MATERIA
Descriptor Teoría fundamentada
9 (RLIN) 52083
650 ## - PUNTO DE ACCESO ADICIONAL DE MATERIA--TÉRMINO DE MATERIA
Descriptor Orígenes y evolución
9 (RLIN) 52084
650 ## - PUNTO DE ACCESO ADICIONAL DE MATERIA--TÉRMINO DE MATERIA
Descriptor Expansión y debate
9 (RLIN) 52085
650 ## - PUNTO DE ACCESO ADICIONAL DE MATERIA--TÉRMINO DE MATERIA
Descriptor Diversificación
9 (RLIN) 52086
650 ## - PUNTO DE ACCESO ADICIONAL DE MATERIA--TÉRMINO DE MATERIA
Descriptor Consolidación
9 (RLIN) 4030
650 ## - PUNTO DE ACCESO ADICIONAL DE MATERIA--TÉRMINO DE MATERIA
Descriptor Enfoques
9 (RLIN) 52087
650 ## - PUNTO DE ACCESO ADICIONAL DE MATERIA--TÉRMINO DE MATERIA
Descriptor Fundamentos filosóficos
9 (RLIN) 52088
650 ## - PUNTO DE ACCESO ADICIONAL DE MATERIA--TÉRMINO DE MATERIA
Descriptor La epistemología
9 (RLIN) 52089
650 ## - PUNTO DE ACCESO ADICIONAL DE MATERIA--TÉRMINO DE MATERIA
Descriptor Aspectos metodológicos
9 (RLIN) 52090
650 ## - PUNTO DE ACCESO ADICIONAL DE MATERIA--TÉRMINO DE MATERIA
Descriptor Proceso de codificacíón
9 (RLIN) 52091
650 ## - PUNTO DE ACCESO ADICIONAL DE MATERIA--TÉRMINO DE MATERIA
Descriptor Impacto de la praxis
9 (RLIN) 52092
650 ## - PUNTO DE ACCESO ADICIONAL DE MATERIA--TÉRMINO DE MATERIA
Descriptor Principales críticas
9 (RLIN) 52093
942 ## - ELEMENTOS DE PUNTO DE ACCESO ADICIONAL (KOHA)
Fuente de clasificación
Tipo de item Libros-BMC
945 ## - PROCESAMIENTO DE INFORMACIÓN LOCAL (OCLC)
Catalogador jmcs
AAAA-MM-DD - Fecha de ingreso o modificacion 21/01/2026
Holdings
Estado de retiro (separado) Fuente de clasificación o esquema de estanterías Estado dañado Ubicación Sala donde se ubica Nombre de la colección Fecha de adquisición o compra Fuente de adquisición Costo, precio normal en soles Signatura topográfica Código de Barras Última vez visto (Koha) Tipo de ítem (Koha)
No     Sala Humanidades Sala Humanidades Book Cart 2026-01-21 Donación 15.00 001.42 / F36 SH0000017043 2026-01-21 Libros-BMC

Powered by Koha